| 000 | 00842nam a22002657a 4500 | ||
|---|---|---|---|
| 999 |
_c4414 _d4414 |
||
| 003 | AR-CdUCM | ||
| 008 | 190308b ||||| |||| 00| 0 spa d | ||
| 040 |
_aMUNICIPALIDAD PROVINCIAL DEL CUSCO _cBIBLIOTECA MUNICIPAL DEL CUSCO |
||
| 082 |
_a750.5 / _bQ62 |
||
| 100 |
_aQuintanilla, Alberto _913910 |
||
| 245 | _aAberto Quintanilla / | ||
| 260 |
_aLima : _bTermil Editores, |
||
| 300 |
_a58 páginas ; _bFotografĂas en color. _c27 cm. |
||
| 505 | _aDibujos -- Grabados -- Oleos -- Esculturas | ||
| 650 |
_aPintura _93081 |
||
| 650 |
_aArte _9561 |
||
| 650 |
_aCatalogo de Arte _913911 |
||
| 650 |
_aPintura al Oleo _913912 |
||
| 650 |
_aPintor Peruano _913913 |
||
| 700 |
_aSebastian Salazar Bondi _913914 |
||
| 700 |
_aAlvaro Roca Rey Miro Quesada _913915 |
||
| 700 |
_aGerard Gassiot _913916 |
||
| 942 |
_2ddc _cLIBROS |
||
| 945 | _admma | ||